GATE Civil Engineering, 11th Ed. (Record no. 245676)

MARC details
000 -LEADER
fixed length control field 00352pam a2200145 a 4500
020 ## - INTERNATIONAL STANDARD BOOK NUMBER
International Standard Book Number 978-93-5147-354-1
Terms of availability
041 ## - LANGUAGE CODE
Language code of original
082 ## - DEWEY DECIMAL CLASSIFICATION NUMBER
Classification number 624
100 ## - MAIN ENTRY--PERSONAL NAME
Personal name Singh B.
Relator term Author
245 ## - TITLE STATEMENT
Title GATE Civil Engineering, 11th Ed.
Statement of responsibility, etc. Singh B.
Medium Textual Documents
250 ## - EDITION STATEMENT
Edition statement 11th Ed
260 ## - PUBLICATION, DISTRIBUTION, ETC.
Name of publisher, distributor, etc. Made Easy Publications
Date of publication, distribution, etc. 2019
300 ## - PHYSICAL DESCRIPTION
Extent 611
930 ## - EQUIVALENCE OR CROSS-REFERENCE-UNIFORM TITLE HEADING [LOCAL, CANADA]
Uniform title 1925
Holdings
Withdrawn status Lost status Damaged status Not for loan Collection Home library Current library Date acquired Source of acquisition Cost, normal purchase price Total Checkouts Full call number Barcode Date last seen Copy number Price effective from Koha item type
          College of Engineering, Lavale, Pune College of Engineering, Lavale, Pune 01/01/1900 BMSGB Pune 750.00   624 ECL-09917 03/04/2023 1 03/04/2023 Book